000 00813cab a2200265 4500
001 WB3413-25
008 090401t1998 xxu||||| |||| 00| 0 eng d
035 _a(Sirsi) u85319
041 _aeng
245 _aHouse price indices flawed
260 _c1998
350 _a0
490 _aScotsman
_v27 March 1998, 28(2)
520 _aA critical analysis of house price indices following the Bank of Scotland and Scottish Homes decision to suspend their property index.
650 _aBANK OF ENGLAND
650 _aBANK OF SCOTLAND
650 _aHALIFAX
650 _aHOUSE PRICE INDICES
650 _aHM LAND REGISTRY
650 _aNATIONWIDE BUILDING SOCIETY
650 _aSCOTTISH HOMES
690 _aPROPERTY-RESIDENTIAL PROPERTY-RESIDENTIAL PROPERTY MARKET
942 _n0
948 _c31/03/1998
999 _c53643
_d53643